[Event "Mitropa Online Cup Open 2021"]
[Site "Hybrid"]
[Date "2021.05.04"]
[Round "1.5"]
[White "Lagarde, Maxime"]
[Black "Dragnev, Valentin"]
[Result "1-0"]
[WhiteElo "2638"]
[BlackElo "2559"]
[Annotator "TA"]
[PlyCount "101"]
[EventDate "2021.05.04"]
[EventType "team-tourn"]
[EventCountry "NET"]
[SourceTitle "playchess.com"]
[Source "ChessBase"]
[SourceQuality "1"]
[WhiteTeam "France"]
[BlackTeam "Austria"]
[WhiteTeamCountry "FRA"]
[BlackTeamCountry "AUT"]

{[%evp 9,101,-8,0,1,10,-12,0,-10,0,-29,8,-44,0,-18,0,0,0,-9,36,-8,0,0,0,-1,45,41,43,40,39,32,36,38,36,0,0,0,0,0,36,59,55,43,40,69,60,23,62,0,0,0,0,0,0,0,0,4,8,0,29,27,90,0,0,0,0,0,0,0,0,0,0,0,0,0,0,0,0,0,0,0,8,8,8,0,405,320,29971,29971,29971,29971,29991,29992,29998,29999]} 1. d4 d5 2. c4 c6 3. cxd5 cxd5 4. Bg5 f6 5. Bd2 Nc6 6. Nc3 {D10: Slav Defence: 3 cxd5 (without early Nf3) and 3 Nc3.} e5 7. e3 $5 {[%mdl 4] A promising side line.} Be6 {[#]} 8. Bd3 $146 {The position is equal.} ({Predecessor:} 8. Bb5 Bd6 9. Bxc6+ bxc6 10. Na4 Ne7 11. Rc1 Rb8 12. Ne2 O-O 13. h3 Qe8 14. O-O {½-½ (64) Gumularz,S (2462)-Pert,N (2546) London 2018}) 8... e4 9. Bb5 f5 10. Qa4 (10. Nge2 $11) 10... Qd7 11. Nh3 Nf6 12. Rc1 {Threatens to win with Nxe4!} Rc8 13. Ne2 Bd6 (13... a6 $5 {[%cal Ra6b5]} 14. Bxc6 Rxc6 15. Rxc6 Qxc6 16. Qxc6+ bxc6 $11) 14. Ng5 (14. Bb4 $5) 14... Bg8 15. Bxc6 bxc6 16. Bb4 Bxb4+ 17. Qxb4 h6 {[#]} 18. Nf4 $1 {Black must now prevent Ng6.} Bf7 19. Nxf7 Kxf7 20. h4 g5 21. hxg5 (21. Ne2 {keeps more tension.} Nh5 22. Qd2 Qd6 23. g3 Qd7 24. b3) 21... hxg5 22. Rxh8 Rxh8 23. Nh3 g4 24. Nf4 Rh1+ 25. Kd2 Rxc1 26. Kxc1 Qc7 27. Kd1 (27. a4 {looks sharper.} Nd7 28. Kc2 Qb8 29. Qe1 Ke8 30. Qc3) 27... Ne8 28. Qe1 (28. a4 $14) 28... Qb6 $11 29. b3 Qa6 30. a4 Ng7 31. Qh1 Qb6 32. Kc2 {Strongly threatening Qh6.} c5 $1 {[%cal Rc5d4]} 33. Qd1 c4 34. bxc4 Qc6 {[#]} (34... Qa6 $11) 35. Kb2 ({Better is} 35. Kd2 $1 $16) 35... dxc4 36. Kc3 Ne8 $1 37. Qb1 Qxa4 38. Qb7+ Kf6 39. Nd5+ Kg6 40. Nf4+ Kf6 41. Qb8 {And now Qe5+ would win.} Kf7 42. g3 Qa3+ 43. Kd2 c3+ 44. Kc2 Qa2+ 45. Kxc3 Qxf2 46. Qb7+ Kg8 $2 {[%mdl 8192]} (46... Kf8 $11 {and Black has nothing to worry.}) 47. Qd5+ $18 Kh8 $2 (47... Kf8 $18 48. Qxf5+ {[%mdl 64] Double Attack} Kg8 49. Qe6+ (49. Qxe4 Ng7 $18) 49... Kf8 50. Ng6+ Kg7 51. Qxe8 Qxe3+ 52. Kc4 Qd3+ 53. Kd5 Qb3+ 54. Ke5 Qf7 55. Qxf7+ Kxf7) 48. Qd8 {White mates.} Qxe3+ 49. Kc4 Qxg3 50. Qxe8+ Kh7 51. Qf7+ {[%mdl 64] Double Attack.  Weighted Error Value: White=0.11/Black=0.35} 1-0

[Event "Mitropa Online Cup Open 2021"]
[Site "Hybrid"]
[Date "2021.05.04"]
[Round "1.5"]
[White "Froewis, Georg"]
[Black "Sochacki, Christophe"]
[Result "0-1"]
[WhiteElo "2460"]
[BlackElo "2477"]
[Annotator "ChessBase"]
[PlyCount "126"]
[EventDate "2021.05.04"]
[EventType "team-tourn"]
[EventCountry "NET"]
[SourceTitle "playchess.com"]
[Source "ChessBase"]
[SourceQuality "1"]
[WhiteTeam "Austria"]
[BlackTeam "France"]
[WhiteTeamCountry "AUT"]
[BlackTeamCountry "FRA"]
[TimeControl "40/5400+30:1800+30"]

1. e4 {[%emt 0:00:00]} c5 {[%emt 0:00:45]} 2. Nf3 {[%emt 0:00:06]} e6 {[%emt 0:02:28]} 3. c3 {[%emt 0:00:35]} Nf6 {[%emt 0:09:05]} 4. e5 {[%emt 0:00:12]} Nd5 {[%emt 0:06:09]} 5. d4 {[%emt 0:00:08]} cxd4 {[%emt 0:00:45]} 6. cxd4 {[%emt 0:00:06]} d6 {[%emt 0:09:56]} 7. exd6 {[%emt 0:00:05]} Bxd6 {[%emt 0:06:17]} 8. Nc3 {[%emt 0:00:15]} Nxc3 {[%emt 0:20:00]} 9. bxc3 {[%emt 0:00:11]} Qc7 {[%emt 0:03:37]} 10. Bd2 {[%emt 0:00:36]} b6 {[%emt 0:01:57]} 11. Bd3 {[%emt 0:00:57]} Nd7 {[%emt 0:08:19]} 12. Ng5 {[%emt 0:07:42]} Nf6 {[%emt 0:01:59]} 13. Qf3 {[%emt 0:01:11]} Bb7 {[%emt 0:03:47]} 14. Qh3 {[%emt 0:00:38]} h6 {[%emt 0:04:12]} 15. Nf3 {[%emt 0:11:56]} Ne4 {[%emt 0:00:44]} 16. O-O {[%emt 0:06:17]} Nxd2 {[%emt 0:02:06]} 17. Nxd2 {[%emt 0:00:05]} O-O {[%emt 0:00:18]} 18. c4 {[%emt 0:03:19]} Rfd8 {[%emt 0:01:30]} 19. Rfd1 {[%emt 0:01:58]} Be7 {[%emt 0:01:38]} 20. Nb3 {[%emt 0:02:05]} Bf6 {[%emt 0:00:07]} 21. Rac1 {[%emt 0:02:39]} Qf4 {[%emt 0:02:14]} 22. Qe3 {[%emt 0:04:20]} Qg4 {[%emt 0:02:41]} 23. f3 {[%emt 0:00:21]} Qg5 {[%emt 0:01:34]} 24. Qxg5 {[%emt 0:01:10]} Bxg5 {[%emt 0:01:02]} 25. Rc2 {[%emt 0:00:05]} Rac8 {[%emt 0:00:15]} 26. Kf2 {[%emt 0:01:27]} Kf8 {[%emt 0:00:08]} 27. g3 {[%emt 0:02:27]} Bf6 {[%emt 0:00:26]} 28. Ke3 {[%emt 0:03:28]} h5 {[%emt 0:00:54]} 29. Be4 {[%emt 0:05:55]} Ba6 {[%emt 0:01:47]} 30. Bd3 {[%emt 0:00:26]} Ke7 {[%emt 0:00:36]} 31. c5 {[%emt 0:02:59]} Bb7 {[%emt 0:01:01]} 32. Be4 {[%emt 0:00:26]} Bd5 {[%emt 0:00:27]} 33. Bxd5 {[%emt 0:02:22]} Rxd5 {[%emt 0:00:10]} 34. Rdc1 {[%emt 0:00:23]} bxc5 {[%emt 0:01:49]} 35. dxc5 {[%emt 0:00:05]} Rc7 {[%emt 0:04:15]} 36. Rd2 {[%emt 0:02:27]} Rxd2 {[%emt 0:00:09]} 37. Nxd2 {[%emt 0:00:11]} Kd7 {[%emt 0:01:18]} 38. Nb3 {[%emt 0:04:32]} Kc6 {[%emt 0:00:07]} 39. Kd3 {[%emt 0:00:49]} Kd5 {[%emt 0:00:48]} 40. Rc4 {[%emt 0:00:00]} e5 {[%emt 0:00:00]} 41. f4 {[%emt 0:04:25]} g5 {[%emt 0:08:33]} 42. fxe5 {[%emt 0:00:52]} Bxe5 {[%emt 0:00:16]} 43. Ra4 {[%emt 0:00:17]} g4 {[%emt 0:04:23]} 44. Ra5 {[%emt 0:05:06]} f6 {[%emt 0:01:05]} 45. Ra6 {[%emt 0:00:14]} Rh7 {[%emt 0:03:07]} 46. Nd4 {[%emt 0:06:47]} Kxc5 {[%emt 0:02:55]} 47. Ra5+ {[%emt 0:01:13]} Kb6 {[%emt 0:01:22]} 48. Rb5+ {[%emt 0:01:07]} Ka6 {[%emt 0:02:33]} 49. Rd5 {[%emt 0:00:11]} h4 {[%emt 0:00:22]} 50. Ne6 {[%emt 0:11:45]} hxg3 {[%emt 0:00:59]} 51. hxg3 {[%emt 0:00:06]} Bxg3 {[%emt 0:02:40]} 52. Nc5+ {[%emt 0:01:48]} Kb6 {[%emt 0:01:50]} 53. Nd7+ {[%emt 0:00:07]} Kc6 {[%emt 0:01:59]} 54. Nxf6 {[%emt 0:00:30]} Rf7 {[%emt 0:02:23]} 55. Ra5 {[%emt 0:02:11]} Bc7 {[%emt 0:00:10]} 56. Ra6+ {[%emt 0:00:12]} Bb6 {[%emt 0:01:26]} 57. Nxg4 {[%emt 0:00:05]} Kb5 {[%emt 0:00:06]} 58. Rxb6+ {[%emt 0:00:30]} axb6 {[%emt 0:00:04]} 59. Kc3 {[%emt 0:00:03]} Rf3+ {[%emt 0:00:58]} 60. Kb2 {[%emt 0:00:08]} Kb4 {[%emt 0:00:09]} 61. Ne5 {[%emt 0:00:16]} Rf2+ {[%emt 0:00:03]} 62. Kb1 {[%emt 0:00:03]} Kc3 {[%emt 0:00:20]} 63. a4 {[%emt 0:00:04]} Rf4 {[%emt 0:00:16]} 0-1

[Event "Mitropa Online Cup Open 2021"]
[Site "Hybrid"]
[Date "2021.05.04"]
[Round "1.5"]
[White "Travadon, Loic"]
[Black "Schwabeneder, Florian"]
[Result "1/2-1/2"]
[WhiteElo "2414"]
[BlackElo "2443"]
[Annotator "NA"]
[PlyCount "62"]
[EventDate "2021.05.04"]
[EventType "team-tourn"]
[EventCountry "NET"]
[SourceTitle "playchess.com"]
[Source "ChessBase"]
[SourceQuality "1"]
[WhiteTeam "France"]
[BlackTeam "Austria"]
[WhiteTeamCountry "FRA"]
[BlackTeamCountry "AUT"]
[TimeControl "40/5400+30:1800+30"]

1. d4 {[%emt 0:00:00]} d5 {[%emt 0:00:20]} 2. c4 {[%emt 0:00:36]} e6 {[%emt 0:00:10]} 3. Nc3 {[%emt 0:01:13]} Nf6 {[%emt 0:00:51]} 4. Nf3 {[%emt 0:00:18]} Nbd7 {[%emt 0:00:15]} 5. e3 {[%emt 0:02:38]} a6 {[%emt 0:07:39]} 6. cxd5 {[%emt 0:03:24]} exd5 {[%emt 0:01:33]} 7. Qb3 {[%emt 0:00:40]} Nb6 {[%emt 0:16:03]} 8. Ne5 {[%emt 0:11:42]} Bd6 {[%emt 0:13:39]} 9. Nd3 {[%emt 0:02:15]} O-O {[%emt 0:02:03]} 10. Be2 {[%emt 0:00:17]} Re8 {[%emt 0:01:59]} 11. O-O {[%emt 0:01:22]} c6 {[%emt 0:04:42]} 12. Qd1 {[%emt 0:04:26]} Qc7 {[%emt 0:07:13]} 13. h3 {[%emt 0:00:47]} Ne4 {[%emt 0:02:02]} 14. Qc2 {[%emt 0:03:52]} Bf5 {[%emt 0:01:49]} 15. Nxe4 {[%emt 0:00:40]} dxe4 {[%emt 0:02:53]} 16. Nc5 {[%emt 0:03:33]} Nd5 {[%emt 0:03:42]} 17. Bd2 {[%emt 0:01:22]} Qe7 {[%emt 0:04:55]} 18. Rfc1 {[%emt 0:04:39]} Rab8 {[%emt 0:17:54]} 19. Bf1 {[%emt 0:03:02]} h5 {[%emt 0:02:54]} 20. f4 {[%emt 0:03:37]} g5 {[%emt 0:03:03]} 21. g3 {[%emt 0:03:52]} gxf4 {[%emt 0:00:41]} 22. gxf4 {[%emt 0:00:24]} Kh7 {[%emt 0:01:10]} 23. Qd1 {[%emt 0:04:25]} Rg8+ {[%emt 0:00:55]} 24. Kh2 {[%emt 0:00:48]} Nxf4 {[%emt 0:01:47]} 25. exf4 {[%emt 0:00:28]} Qh4 {[%emt 0:00:15]} 26. Qe1 {[%emt 0:00:59]} Bxf4+ {[%emt 0:00:16]} 27. Bxf4 {[%emt 0:00:30]} Qxf4+ {[%emt 0:00:05]} 28. Kh1 {[%emt 0:00:08]} Qf3+ {[%emt 0:01:36]} 29. Kh2 {[%emt 0:00:04]} Qf4+ {[%emt 0:00:42]} 30. Kh1 {[%emt 0:00:04]} Qf3+ {[%emt 0:01:20]} 31. Kh2 {[%emt 0:00:05]} Qf4+ {[%emt 0:00:33]} 1/2-1/2

[Event "Mitropa Online Cup Open 2021"]
[Site "Hybrid"]
[Date "2021.05.04"]
[Round "1.5"]
[White "Morgunov, Marc"]
[Black "Droin, Augustin"]
[Result "1-0"]
[WhiteElo "2385"]
[BlackElo "2292"]
[Annotator "NA"]
[PlyCount "129"]
[EventDate "2021.05.04"]
[EventType "team-tourn"]
[EventCountry "NET"]
[SourceTitle "playchess.com"]
[Source "ChessBase"]
[SourceQuality "1"]
[WhiteTeam "Austria"]
[BlackTeam "France"]
[WhiteTeamCountry "AUT"]
[BlackTeamCountry "FRA"]
[TimeControl "40/5400+30:1800+30"]

1. e4 {[%emt 0:00:00]} c5 {[%emt 0:00:07]} 2. Nf3 {[%emt 0:00:16]} d6 {[%emt 0:00:07]} 3. Bb5+ {[%emt 0:00:30]} Nd7 {[%emt 0:00:09]} 4. Ba4 {[%emt 0:00:35]} Ngf6 {[%emt 0:00:12]} 5. Qe2 {[%emt 0:00:26]} e6 {[%emt 0:03:02]} 6. O-O {[%emt 0:02:43]} Be7 {[%emt 0:00:44]} 7. c3 {[%emt 0:00:57]} a6 {[%emt 0:02:35]} 8. d4 {[%emt 0:02:46]} b5 {[%emt 0:02:09]} 9. Bc2 {[%emt 0:00:25]} cxd4 {[%emt 0:00:09]} 10. cxd4 {[%emt 0:00:45]} Bb7 {[%emt 0:00:13]} 11. Nbd2 {[%emt 0:04:52]} e5 {[%emt 0:05:45]} 12. d5 {[%emt 0:06:09]} O-O {[%emt 0:07:00]} 13. Nb3 {[%emt 0:09:43]} Qb8 {[%emt 0:06:02]} 14. a4 {[%emt 0:09:48]} Rc8 {[%emt 0:06:32]} 15. a5 {[%emt 0:13:54]} Qc7 {[%emt 0:10:47]} 16. Bd3 {[%emt 0:05:36]} Nc5 {[%emt 0:01:06]} 17. Nxc5 {[%emt 0:00:45]} dxc5 {[%emt 0:00:14]} 18. b3 {[%emt 0:07:05]} Nd7 {[%emt 0:11:57]} 19. Bb2 {[%emt 0:05:12]} Bd6 {[%emt 0:03:28]} 20. Nh4 {[%emt 0:05:38]} c4 {[%emt 0:08:49]} 21. bxc4 {[%emt 0:01:23]} bxc4 {[%emt 0:00:06]} 22. Bc2 {[%emt 0:00:39]} g6 {[%emt 0:01:53]} 23. Bc3 {[%emt 0:03:34]} Nc5 {[%emt 0:03:57]} 24. Rfb1 {[%emt 0:02:56]} Rab8 {[%emt 0:01:23]} 25. Nf3 {[%emt 0:04:55]} Nb3 {[%emt 0:03:52]} 26. Ra2 {[%emt 0:01:36]} Ba8 {[%emt 0:02:18]} 27. Rab2 {[%emt 0:01:58]} Rb5 {[%emt 0:02:03]} 28. Qd1 {[%emt 0:03:57]} Qb8 {[%emt 0:01:46]} 29. Nd2 {[%emt 0:03:01]} Nd4 {[%emt 0:02:03]} 30. Ba4 {[%emt 0:00:47]} Rxb2 {[%emt 0:01:10]} 31. Rxb2 {[%emt 0:00:03]} Qa7 {[%emt 0:00:59]} 32. Nf3 {[%emt 0:00:21]} Nxf3+ {[%emt 0:02:08]} 33. Qxf3 {[%emt 0:00:05]} Qc5 {[%emt 0:01:17]} 34. Rb1 {[%emt 0:03:04]} Qa3 {[%emt 0:00:56]} 35. Ra1 {[%emt 0:00:16]} Qc5 {[%emt 0:00:12]} 36. Qd1 {[%emt 0:00:35]} Rb8 {[%emt 0:02:19]} 37. Rb1 {[%emt 0:00:08]} f5 {[%emt 0:01:23]} 38. Rxb8+ {[%emt 0:00:32]} Bxb8 {[%emt 0:00:05]} 39. Bc6 {[%emt 0:01:00]} Qa3 {[%emt 0:02:26]} 40. Qd2 {[%emt 0:00:00]} Bxc6 {[%emt 0:00:00]} 41. dxc6 {[%emt 0:00:33]} Qd6 {[%emt 0:06:26]} 42. Qd5+ {[%emt 0:03:26]} Kg7 {[%emt 0:01:45]} 43. f4 {[%emt 0:03:26]} Qa3 {[%emt 0:01:29]} 44. Bxe5+ {[%emt 0:16:08]} Bxe5 {[%emt 0:00:12]} 45. Qxe5+ {[%emt 0:00:05]} Kh6 {[%emt 0:00:09]} 46. h3 {[%emt 0:03:43]} c3 {[%emt 0:01:25]} 47. c7 {[%emt 0:00:16]} c2 {[%emt 0:00:06]} 48. c8=Q {[%emt 0:00:07]} c1=Q+ {[%emt 0:00:05]} 49. Qxc1 {[%emt 0:00:04]} Qxc1+ {[%emt 0:00:05]} 50. Kh2 {[%emt 0:00:05]} fxe4 {[%emt 0:02:50]} 51. Qxe4 {[%emt 0:00:24]} Qc5 {[%emt 0:02:23]} 52. Qe5 {[%emt 0:01:12]} Qf8 {[%emt 0:07:25]} 53. g4 {[%emt 0:03:19]} Qc8 {[%emt 0:02:19]} 54. g5+ {[%emt 0:00:27]} Kh5 {[%emt 0:00:09]} 55. Qe2+ {[%emt 0:00:03]} Kh4 {[%emt 0:00:06]} 56. Qf2+ {[%emt 0:00:05]} Kh5 {[%emt 0:00:05]} 57. Kg3 {[%emt 0:00:07]} Qc3+ {[%emt 0:01:18]} 58. Qf3+ {[%emt 0:00:06]} Qxf3+ {[%emt 0:00:10]} 59. Kxf3 {[%emt 0:00:03]} Kh4 {[%emt 0:01:54]} 60. Kg2 {[%emt 0:00:05]} Kh5 {[%emt 0:00:05]} 61. Kg3 {[%emt 0:00:03]} h6 {[%emt 0:00:05]} 62. gxh6 {[%emt 0:00:02]} Kxh6 {[%emt 0:00:11]} 63. Kg4 {[%emt 0:00:05]} Kg7 {[%emt 0:00:09]} 64. Kg5 {[%emt 0:00:04]} Kf7 {[%emt 0:00:07]} 65. f5 {[%emt 0:00:08]} 1-0

[Event "Mitropa Online Cup Open 2021"]
[Site "Hybrid"]
[Date "2021.05.04"]
[Round "2.1"]
[White "Prusikin, Michael"]
[Black "Dragnev, Valentin"]
[Result "0-1"]
[WhiteElo "2547"]
[BlackElo "2559"]
[Annotator "ChessBase"]
[PlyCount "86"]
[EventDate "2021.05.04"]
[EventType "team-tourn"]
[EventCountry "NET"]
[SourceTitle "playchess.com"]
[Source "ChessBase"]
[SourceQuality "1"]
[WhiteTeam "Germany"]
[BlackTeam "Austria"]
[WhiteTeamCountry "GER"]
[BlackTeamCountry "AUT"]
[TimeControl "40/5400+30:1800+30"]

1. d4 {[%emt 0:00:00]} d5 {[%emt 0:00:15]} 2. c4 {[%emt 0:00:08]} c6 {[%emt 0:00:06]} 3. cxd5 {[%emt 0:00:07]} cxd5 {[%emt 0:00:07]} 4. Bf4 {[%emt 0:00:27]} Nc6 {[%emt 0:00:10]} 5. e3 {[%emt 0:00:04]} Nf6 {[%emt 0:00:09]} 6. Nc3 {[%emt 0:00:05]} Bf5 {[%emt 0:00:26]} 7. Qb3 {[%emt 0:01:40]} Na5 {[%emt 0:00:12]} 8. Qa4+ {[%emt 0:00:33]} Bd7 {[%emt 0:00:12]} 9. Qc2 {[%emt 0:00:16]} e6 {[%emt 0:00:17]} 10. Bd3 {[%emt 0:03:43]} Rc8 {[%emt 0:00:20]} 11. Nf3 {[%emt 0:01:01]} Bb4 {[%emt 0:00:22]} 12. O-O {[%emt 0:02:05]} Nh5 {[%emt 0:00:19]} 13. Be5 {[%emt 0:07:37]} f6 {[%emt 0:01:28]} 14. Bg3 {[%emt 0:01:25]} Nc4 {[%emt 0:00:18]} 15. Rac1 {[%emt 0:02:25]} Nxg3 {[%emt 0:00:51]} 16. hxg3 {[%emt 0:00:16]} Nd6 {[%emt 0:00:11]} 17. Qb1 {[%emt 0:09:45]} Bxc3 {[%emt 0:05:34]} 18. Rxc3 {[%emt 0:05:55]} Rxc3 {[%emt 0:28:23]} 19. bxc3 {[%emt 0:00:18]} Qb6 {[%emt 0:01:22]} 20. Qb3 {[%emt 0:13:58]} Bb5 {[%emt 0:07:52]} 21. Bxb5+ {[%emt 0:02:05]} Qxb5 {[%emt 0:01:51]} 22. Qa3 {[%emt 0:02:14]} Qa6 {[%emt 0:07:21]} 23. Qxa6 {[%emt 0:02:19]} bxa6 {[%emt 0:02:43]} 24. Nd2 {[%emt 0:05:00]} Ke7 {[%emt 0:10:47]} 25. Rb1 {[%emt 0:01:30]} Rc8 {[%emt 0:00:14]} 26. Rb3 {[%emt 0:05:02]} Kd7 {[%emt 0:03:03]} 27. Ra3 {[%emt 0:03:21]} Rc6 {[%emt 0:02:38]} 28. Nb3 {[%emt 0:03:29]} Nc4 {[%emt 0:13:10]} 29. Rxa6 {[%emt 0:03:09]} Rxa6 {[%emt 0:00:06]} 30. Nc5+ {[%emt 0:00:04]} Kd6 {[%emt 0:01:05]} 31. Nxa6 {[%emt 0:00:07]} Nd2 {[%emt 0:00:21]} 32. Nc5 {[%emt 0:02:00]} Nb1 {[%emt 0:00:36]} 33. Na4 {[%emt 0:13:13]} Kc6 {[%emt 0:00:05]} 34. Kf1 {[%emt 0:00:11]} Kb5 {[%emt 0:05:30]} 35. Nc5 {[%emt 0:00:10]} e5 {[%emt 0:00:17]} 36. Ne6 {[%emt 0:03:28]} Nxc3 {[%emt 0:00:13]} 37. Nxg7 {[%emt 0:01:41]} exd4 {[%emt 0:01:06]} 38. exd4 {[%emt 0:00:09]} Nxa2 {[%emt 0:02:58]} 39. Ke2 {[%emt 0:01:40]} Kc4 {[%emt 0:01:42]} 40. Ne8 {[%emt 0:00:00]} Kxd4 {[%emt 0:00:00]} 41. Nxf6 {[%emt 0:05:31]} Nc3+ {[%emt 0:05:35]} 42. Kd2 {[%emt 0:08:46]} Ne4+ {[%emt 0:02:52]} 43. Nxe4 {[%emt 0:00:05]} dxe4 {[%emt 0:04:13]} 0-1

[Event "Mitropa Online Cup Open 2021"]
[Site "Hybrid"]
[Date "2021.05.04"]
[Round "2.2"]
[White "Froewis, Georg"]
[Black "Parvanyan, Ashot"]
[Result "1-0"]
[WhiteElo "2460"]
[BlackElo "2436"]
[Annotator "ChessBase"]
[PlyCount "81"]
[EventDate "2021.05.04"]
[EventType "team-tourn"]
[EventCountry "NET"]
[SourceTitle "playchess.com"]
[Source "ChessBase"]
[SourceQuality "1"]
[WhiteTeam "Austria"]
[BlackTeam "Germany"]
[WhiteTeamCountry "AUT"]
[BlackTeamCountry "GER"]
[TimeControl "40/5400+30:1800+30"]

1. c4 {[%emt 0:00:00]} Nf6 {[%emt 0:00:55]} 2. Nc3 {[%emt 0:00:06]} g6 {[%emt 0:01:03]} 3. e4 {[%emt 0:00:05]} d6 {[%emt 0:00:36]} 4. d4 {[%emt 0:00:05]} Bg7 {[%emt 0:00:19]} 5. Be2 {[%emt 0:00:07]} O-O {[%emt 0:00:16]} 6. Nf3 {[%emt 0:00:05]} e5 {[%emt 0:00:22]} 7. O-O {[%emt 0:00:05]} Nc6 {[%emt 0:00:09]} 8. d5 {[%emt 0:00:04]} Ne7 {[%emt 0:00:06]} 9. Ne1 {[%emt 0:00:05]} Nd7 {[%emt 0:00:19]} 10. Nd3 {[%emt 0:00:05]} f5 {[%emt 0:01:05]} 11. f3 {[%emt 0:00:05]} f4 {[%emt 0:00:28]} 12. Bd2 {[%emt 0:00:05]} g5 {[%emt 0:00:28]} 13. Rc1 {[%emt 0:00:06]} Ng6 {[%emt 0:00:15]} 14. c5 {[%emt 0:00:06]} Nf6 {[%emt 0:00:13]} 15. Nb5 {[%emt 0:00:16]} Rf7 {[%emt 0:00:58]} 16. Ba5 {[%emt 0:00:05]} b6 {[%emt 0:00:24]} 17. cxd6 {[%emt 0:00:07]} cxd6 {[%emt 0:00:08]} 18. Be1 {[%emt 0:00:05]} g4 {[%emt 0:00:48]} 19. fxg4 {[%emt 0:00:08]} Nxe4 {[%emt 0:00:19]} 20. Nb4 {[%emt 0:00:10]} a6 {[%emt 0:00:36]} 21. Bf3 {[%emt 0:00:07]} Ng5 {[%emt 0:00:46]} 22. Nc3 {[%emt 0:05:19]} Bf6 {[%emt 0:01:59]} 23. Nc6 {[%emt 0:16:10]} Qf8 {[%emt 0:01:44]} 24. Ne4 {[%emt 0:00:18]} Rg7 {[%emt 0:02:32]} 25. h3 {[%emt 0:06:41]} Bd7 {[%emt 0:01:54]} 26. Nxd6 {[%emt 0:20:37]} h5 {[%emt 0:42:19]} 27. Nf5 {[%emt 0:08:11]} e4 {[%emt 0:40:49]} 28. Bb4 {[%emt 0:05:08]} Qe8 {[%emt 0:00:22]} 29. Nxg7 {[%emt 0:09:01]} Kxg7 {[%emt 0:00:03]} 30. Bc3 {[%emt 0:11:02]} Bxc3 {[%emt 0:02:02]} 31. Rxc3 {[%emt 0:00:04]} exf3 {[%emt 0:00:06]} 32. Re1 {[%emt 0:01:04]} Qf8 {[%emt 0:01:02]} 33. gxh5 {[%emt 0:03:37]} Nh4 {[%emt 0:00:29]} 34. Ne5 {[%emt 0:08:03]} Bf5 {[%emt 0:00:27]} 35. Rc7+ {[%emt 0:00:56]} Kh6 {[%emt 0:00:13]} 36. Qd4 {[%emt 0:03:11]} fxg2 {[%emt 0:00:48]} 37. Qxf4 {[%emt 0:01:13]} Kxh5 {[%emt 0:00:16]} 38. Re3 {[%emt 0:00:17]} Rc8 {[%emt 0:00:45]} 39. Rg3 {[%emt 0:00:56]} Qd8 {[%emt 0:00:30]} 40. Rg7 {[%emt 0:00:00]} Nxh3+ {[%emt 0:00:00]} 41. Rxh3 {[%emt 0:02:22]} 1-0

[Event "Mitropa Online Cup Open 2021"]
[Site "Hybrid"]
[Date "2021.05.04"]
[Round "2.3"]
[White "Koellner, Ruben Gideon"]
[Black "Schwabeneder, Florian"]
[Result "1/2-1/2"]
[WhiteElo "2412"]
[BlackElo "2443"]
[Annotator "TA"]
[PlyCount "103"]
[EventDate "2021.05.04"]
[EventType "team-tourn"]
[EventCountry "NET"]
[SourceTitle "playchess.com"]
[Source "ChessBase"]
[SourceQuality "1"]
[WhiteTeam "Germany"]
[BlackTeam "Austria"]
[WhiteTeamCountry "GER"]
[BlackTeamCountry "AUT"]

{[%evp 19,103,0,1,10,10,16,21,-12,31,0,0,0,8,16,22,0,14,0,8,0,12,0,0,-12,35,-19,0,0,0,0,14,-12,-12,-15,-10,-12,0,-22,-10,-22,11,4,34,0,0,0,0,0,0,0,0,0,0,0,0,0,8,7,8,2,2,2,2,6,8,0,0,0,1,0,0,0,0,0,0,0,0,0,0,0,0,0,0,0,0,0]} 1. e4 e5 2. Nf3 Nc6 3. Bc4 Bc5 4. c3 Nf6 5. d3 O-O 6. O-O d6 7. Nbd2 Bb6 8. Bb3 Ne7 9. Nc4 Ng6 10. h3 h6 11. Re1 {C54: Giuoco Piano: 4 c3 Nf6, main lines with 5 d4 and 5 d3.} c6 12. Nxb6 axb6 13. Nh2 {[#]} Qe7 $146 ({Predecessor:} 13... b5 14. Be3 Re8 15. Nf1 Be6 16. Bxe6 Rxe6 17. g3 d5 18. f4 Re8 19. f5 Nf8 {½-½ (81) Popov,I (2609)-Zvjaginsev,V (2683) Tyumen 2012}) 14. Nf1 Be6 15. Ng3 Bxb3 16. Qxb3 Qc7 17. Nf5 b5 18. a3 Ne7 19. Nxe7+ Qxe7 20. f4 Nd7 21. f5 d5 22. Be3 (22. exd5 $14 Qf6 23. Rf1) 22... dxe4 23. dxe4 Rfd8 24. Qc2 Nf6 25. g4 (25. Bb6 $5 {[%cal Rb6d8]}) 25... c5 26. g5 hxg5 27. Bxg5 c4 28. Qg2 Rd3 29. Kh2 Ra6 30. Rg1 {next Bh6 is good for White.} Qf8 31. Raf1 Rad6 {The position is equal.} 32. Rf2 Kh8 33. Re2 Qg8 34. Bxf6 Rxf6 35. Qg5 Qh7 {[%csl Gd3][%cal Rh7h3] [#]} 36. Rg3 Rfd6 37. Qe7 Rxg3 {[%csl Gg3][%cal Rh7h3]} (37... Qh6 {is more complex.} 38. Qxe5 Rxg3 39. Qxg3 Rd2 40. Rf2 Rxf2+ 41. Qxf2 Qd6+) 38. Qf8+ Qg8 39. Qxd6 $11 {[%mdl 4096] Endgame KQR-KQR} Rd3 40. Qxe5 Qd8 41. Qf4 {Threatening e5.} (41. Qxb5 {leads to mate.} Qh4 42. Qe8+ Kh7 43. Qb8 Qxh3+ 44. Kg1 Rd1+ 45. Re1 Rxe1+ 46. Kf2 Rf1+ 47. Ke2 Qd3#) 41... f6 42. e5 fxe5 43. Rxe5 Rd2+ 44. Kg3 Rxb2 45. Qg4 Qd6 46. Qh5+ Kg8 47. f6 gxf6 {[%mdl 64] [#] Pin} 48. Qg6+ Kf8 49. Qh6+ Kg8 50. Qg6+ Kf8 51. Qh6+ Kg8 52. Qg6+ {A rather calm draw.  Weighted Error Value: White=0.08/Black=0.06} 1/2-1/2